| 000 | 00793nam a2200229 a 4500 | ||
|---|---|---|---|
| 001 | 40898 | ||
| 003 | BD-RjUL | ||
| 005 | 20211209053307.0 | ||
| 008 | 160511s1959 bg ||||| |||| 00| 0 ben d | ||
| 020 | _c: PRs 2.50 | ||
| 035 | _a(BD-RjUL)41014 | ||
| 040 |
_aBD-RjUL _bben _cBD-RjUL |
||
| 041 | _aben | ||
| 082 |
_223 _a891.443 _bDAU 1959 |
||
| 100 |
_aদাশগুপ্ত, রণেশ _9119541 |
||
| 245 | 1 | 0 |
_aউপন্যাসের শিল্পরূপ / _cরণেশ দাশগুপ্ত |
| 260 |
_aঢাকা : _bইস্ট বেঙ্গল, _c১৯৫৯ [১৩৬৬] |
||
| 300 |
_a১৪০ পৃ. ; _c১৭ সেমি. |
||
| 650 |
_aবাংলা উপন্যাস _9125888 |
||
| 650 |
_aBegali Fiction _9125889 |
||
| 942 |
_2ddc _cBK |
||
| 999 |
_c40898 _d40898 |
||